ՀՀ Գիտությունների ազգային ակադեմիայի հիմնարար գիտական գրադարան  =   Fundamental Scientific Library of NAS RA

Карманный словарь атеиста / (Record no. 147022)

MARC details
000 -LEADER
fixed length control field 00750nam a2200229 u 4500
001 - CONTROL NUMBER
control field 000386253
003 - CONTROL NUMBER IDENTIFIER
control field AM-YeHGA
005 - DATE AND TIME OF LATEST TRANSACTION
control field 20250617132215.0
008 - FIXED-LENGTH DATA ELEMENTS--GENERAL INFORMATION
fixed length control field 041123s1983 ||| r 000 0 rus d
040 ## - CATALOGING SOURCE
Original cataloging agency AM-YeHGA
041 0# - LANGUAGE CODE
Language code of text/sound track or separate title rus
090 ## - LOCALLY ASSIGNED LC-TYPE CALL NUMBER (OCLC); LOCAL CALL NUMBER (RLIN)
-- 148409
245 00 - TITLE STATEMENT
Title Карманный словарь атеиста /
Statement of responsibility, etc. Ю.А. Бахныкин и др.; Под ред. М.П. Новикова.
250 ## - EDITION STATEMENT
Edition statement 4-e изд.
260 ## - PUBLICATION, DISTRIBUTION, ETC.
Place of publication, distribution, etc. Москва :
Name of publisher, distributor, etc. Политиздат,
Date of publication, distribution, etc. 1983.
300 ## - PHYSICAL DESCRIPTION
Extent 270 с.
500 ## - GENERAL NOTE
General note Авт. указаны в конце кн.
653 0# - INDEX TERM--UNCONTROLLED
Uncontrolled term Атеизм - Словари
653 0# - INDEX TERM--UNCONTROLLED
Uncontrolled term Словари - Атеизм
700 1# - ADDED ENTRY--PERSONAL NAME
Personal name Бахныкин, Ю.А.
700 1# - ADDED ENTRY--PERSONAL NAME
Personal name Новиков, М.П.
Relator term ред.
Relationship edt
Holdings
Withdrawn status Lost status Damaged status Not for loan Collection Home library Current library Date acquired Total checkouts Full call number Barcode Date last seen Price effective from Koha item type Public note
        General Fundamental Scientific Library Fundamental Scientific Library 22/12/2016   2(038) 110052553 22/12/2016 22/12/2016 Գրքեր / Books 30 Days Loan


ՀՀ ԳԱԱ հիմնարար գիտական գրադարան
ՀՀ,Երևան 0019
Մարշալ Բաղրամյան 24/6
հեռախոս:(374-10) 52-47-50
Հետադարձ կապ

All site content, except where otherwise noted, is licensed under a
Creative Commons License